000 00876nam a2200265 i 4500
001 185010
003 SpMaBN
005 20230906222330.0
008 160304s1987 mx |||| | spa d
020 _a84-375-0356-6
080 _a111.852(091)
100 1 _aBayer, Raymond.
_926657
245 1 0 _aHistoria de la estética /
_cRaymond Bayer ; [traducción de Jasmin Reuter].
250 _a1ª ed. en español, 1965
_b5ª reimp.
260 _aMéxico, D.F. :
_bFondo de Cultura Económica,
_c1987.
300 _a476 p. ;
_c21 cm.
490 1 _aSección de obras de filosofía
500 _aÍndice.
504 _aBibliografía: p. 451-458.
650 7 _aEstética-
_vHistoria.
_9158972
700 1 _aRenter, Jasmin.
_996243
830 0 _aSección de obras de filosofía
_9178631
852 _aES-MaACL
_jL-30244
_z. - Donat. Miguel A. Velasco
999 _c185010
_d185010